[Event "Sao Bento do Sul op 4th"]
[Site "Sao Bento do Sul"]
[Date "2020.11.01"]
[Round "5"]
[White "Zampier, Alexandre"]
[Black "Purim, Kaiane"]
[Result "1-0"]
[WhiteElo "1618"]
[BlackElo "1161"]
[PlyCount "81"]
[EventDate "2020.10.31"]
[EventType "swiss"]
[EventRounds "6"]
[EventCountry "BRA"]
[SourceTitle "EXT 2022"]
[Source "ChessBase"]
[SourceDate "2021.10.06"]
[SourceVersion "1"]
[SourceVersionDate "2021.10.06"]
[SourceQuality "1"]

1. b4 e5 2. Bb2 d6 3. e3 Nf6 4. h3 Nbd7 5. Nf3 g6 6. Bc4 Bg7 7. 0-0 Qe7 8. a3 0-0 9. d3 b6 10. e4 Bb7 11. Nc3 c6 12. Re1 d5 13. exd5 cxd5 14. Bb3 Rac8 15. Rb1 e4 16. d4 Qd6 17. Nh2 a6 18. b5 Rfe8 19. Qe2 a5 20. Nf1 Nh5 21. Rbd1 Nf8 22. Qe3 Rcd8 23. Ne2 g5 24. Qxg5 Nf6 25. Ne3 Ne6 26. Qg3 Qe7 27. Nf5 Qd7 28. Nxg7 Nxg7 29. a4 Bc8 30. Nf4 Qf5 31. c4 Bb7 32. c5 bxc5 33. dxc5 Rc8 34. c6 Ba8 35. Bxf6 Qxf6 36. Nh5 Qg6 37. Qxg6 fxg6 38. Nf6+ Kh8 39. Nxe8 Rxe8 40. Bxd5 Nf5 41. Bxe4 1-0

[Event "Florianopolis op 6th"]
[Site "Florianopolis"]
[Date "2020.01.22"]
[Round "4"]
[White "Zampier, Alexandre"]
[Black "Soares, Gustavo Henrique"]
[Result "0-1"]
[WhiteElo "1597"]
[BlackElo "1914"]
[PlyCount "79"]
[EventDate "2020.01.20"]
[EventType "swiss"]
[EventRounds "10"]
[EventCountry "BRA"]
[SourceTitle "CBM 194 Extra"]
[Source "ChessBase"]
[SourceDate "2020.03.31"]
[SourceVersion "1"]
[SourceVersionDate "2020.03.31"]
[SourceQuality "1"]

1. b4 d5 2. e3 e5 3. Bb2 Bxb4 4. Bxe5 Nf6 5. Nf3 Bf5 6. Be2 Nbd7 7. Bb2 0-0 8. 0-0 h6 9. d3 c6 10. Nbd2 Nb6 11. Rb1 Bd6 12. h3 Re8 13. Re1 c5 14. Bf1 Rc8 15. e4 dxe4 16. Bxf6 Qxf6 17. dxe4 Bg6 18. c4 Bf4 19. Qc2 Qc6 20. Bd3 Rcd8 21. Nb3 Rf8 22. g3 Bb8 23. Rbd1 Rd7 24. Nh4 Bh7 25. Nf5 Bxf5 26. exf5 Nc8 27. Re3 b6 28. Rde1 Ne7 29. Nd2 Re8 30. Nf3 Qf6 31. Ne5 Bxe5 32. Rxe5 Nc6 33. R5e3 Nd4 34. Qb1 g6 35. Be4 gxf5 36. Bd5 Kg7 37. Kh2 Rg8 38. Re5 f4 39. Kg2 fxg3 40. fxg3 0-1

[Event "Florianopolis op 6th"]
[Site "Florianopolis"]
[Date "2020.01.20"]
[Round "1"]
[White "Ittner, Emily Caroline"]
[Black "Zampier, Alexandre"]
[Result "0-1"]
[WhiteElo "1087"]
[BlackElo "1597"]
[PlyCount "92"]
[EventDate "2020.01.20"]
[EventType "swiss"]
[EventRounds "10"]
[EventCountry "BRA"]
[SourceTitle "CBM 194 Extra"]
[Source "ChessBase"]
[SourceDate "2020.03.31"]
[SourceVersion "1"]
[SourceVersionDate "2020.03.31"]
[SourceQuality "1"]

1. c4 d5 2. cxd5 Qxd5 3. Nc3 Qa5 4. a3 c6 5. g3 Nf6 6. Bg2 Bg4 7. Nf3 e6 8. 0-0 Bd6 9. b4 Bxb4 10. Bb2 Be7 11. Re1 0-0 12. e4 Nbd7 13. Qc2 e5 14. Ra2 Rad8 15. a4 Rfe8 16. d4 Bxf3 17. Bxf3 exd4 18. Raa1 dxc3 19. Bxc3 Qc5 20. Qb2 Qb6 21. Qe2 Bd6 22. Rab1 Qc7 23. Qb2 Be5 24. Re2 Bxc3 25. Qxc3 Ne5 26. Bg2 Rd3 27. Qc1 Red8 28. Re1 h6 29. Rb4 R3d7 30. Qe3 Nd3 31. Rbb1 Nxe1 32. Qxe1 Qe5 33. Qe2 Rd2 34. Qe1 Qd4 35. Bf3 Qxa4 36. Kg2 Qa6 37. Qe3 Qd3 38. Qe1 b6 39. e5 Nd5 40. e6 fxe6 41. Qxe6+ Kh8 42. Be4 Qe2 43. Rf1 Ne3+ 44. Kh3 Qxf1+ 45. Kh4 Qxf2 46. Kh5 Qxh2+ 0-1

[Event "Florianopolis op 5th"]
[Site "Florianopolis"]
[Date "2019.01.25"]
[Round "7"]
[White "Nunes Filho, Marcelo Adriano"]
[Black "Zampier, Alexandre"]
[Result "1-0"]
[WhiteElo "1866"]
[BlackElo "1610"]
[PlyCount "107"]
[EventDate "2019.01.21"]
[EventType "swiss"]
[EventRounds "10"]
[EventCountry "BRA"]
[SourceTitle "CBM 188 Extra"]
[Source "ChessBase"]
[SourceDate "2019.02.28"]
[SourceVersion "1"]
[SourceVersionDate "2019.02.28"]
[SourceQuality "1"]

1. e4 d5 2. exd5 Qxd5 3. Nc3 Qa5 4. h3 c6 5. Nf3 Nf6 6. Bc4 Bf5 7. 0-0 e6 8. a3 Bd6 9. Re1 0-0 10. b4 Qc7 11. Bb2 h6 12. d3 Nbd7 13. Ne4 Be7 14. Qd2 Nxe4 15. dxe4 Bg6 16. Rad1 Rad8 17. Qe3 Nb6 18. Bb3 Rxd1 19. Rxd1 Rd8 20. Rxd8+ Qxd8 21. c4 a6 22. Ne5 Bh7 23. c5 Nd7 24. Nc4 Nf6 25. f3 Nh5 26. Be5 Bg5 27. f4 Bh4 28. Nd6 Qe7 29. g4 Nf6 30. f5 Kh8 31. Qd4 Bg8 32. Nc8 Qe8 33. Nd6 Qe7 34. Kg2 h5 35. Kf3 hxg4+ 36. hxg4 Bg5 37. Qb2 Bh7 38. a4 Kg8 39. Nxf7 Kxf7 40. Bxe6+ Ke8 41. Bd6 Qd8 42. Qb3 Nd5 43. exd5 Qf6 44. dxc6 bxc6 45. Qd3 g6 46. Be5 Qd8 47. Qd6 gxf5 48. gxf5 Bf6 49. Qxc6+ Kf8 50. Qd6+ Ke8 51. Bxf6 Qxf6 52. Bd7+ Kf7 53. Qxf6+ Kxf6 54. c6 1-0

[Event "Florianopolis op 5th"]
[Site "Florianopolis"]
[Date "2019.01.21"]
[Round "1"]
[White "Lopes Fo, Jorge Antonio Ferre"]
[Black "Zampier, Alexandre"]
[Result "1-0"]
[WhiteElo "2122"]
[BlackElo "1610"]
[PlyCount "60"]
[EventDate "2019.01.21"]
[EventType "swiss"]
[EventRounds "10"]
[EventCountry "BRA"]
[SourceTitle "CBM 188 Extra"]
[Source "ChessBase"]
[SourceDate "2019.02.28"]
[SourceVersion "1"]
[SourceVersionDate "2019.02.28"]
[SourceQuality "1"]

1. d4 d5 2. c4 Nf6 3. cxd5 Bf5 4. Nc3 a6 5. Qb3 b5 6. f3 Nxd5 7. Qxd5 Nd7 8. Qxf5 e6 9. Qe4 c5 10. e3 cxd4 11. exd4 Rc8 12. Bd2 Nb6 13. a3 Nc4 14. Bxc4 Rxc4 15. Nge2 Be7 16. 0-0 0-0 17. Be3 b4 18. axb4 Rxb4 19. Rxa6 Rxb2 20. Ra2 Rb4 21. Rfa1 Bf6 22. Ra8 Rb8 23. Rxb8 Qxb8 24. Bf4 Qb6 25. Ra8 g6 26. Rxf8+ Kxf8 27. Bh6+ Ke8 28. Qa8+ Kd7 29. Qa4+ Ke7 30. Qa3+ Ke8 1-0

[Event "Caioba Telecom op"]
[Site "Caioba"]
[Date "2017.10.01"]
[Round "8"]
[White "Zampier, Alexandre"]
[Black "Da Silva, Joao Carlos Orguim"]
[Result "0-1"]
[WhiteElo "1628"]
[BlackElo "1759"]
[PlyCount "162"]
[EventDate "2017.09.28"]
[EventType "swiss"]
[EventRounds "8"]
[EventCountry "BRA"]
[SourceTitle "EXT 2020"]
[Source "ChessBase"]
[SourceDate "2019.10.17"]
[SourceVersion "1"]
[SourceVersionDate "2019.10.17"]
[SourceQuality "1"]

1. b4 e5 2. a3 d5 3. Bb2 Nd7 4. e3 Bd6 5. c4 c6 6. Nc3 Ne7 7. d3 0-0 8. Nf3 f6 9. cxd5 cxd5 10. Qb3 Nb6 11. Be2 Kh8 12. 0-0 Be6 13. Qc2 Rc8 14. Qd2 Qd7 15. Rac1 Na4 16. Nxa4 Qxa4 17. Rxc8 Rxc8 18. Rc1 Rxc1+ 19. Qxc1 Qc6 20. Qd1 b5 21. Nd2 Nc8 22. Nb3 Nb6 23. d4 Na4 24. Qc1 Qxc1+ 25. Bxc1 Nc3 26. Bd3 e4 27. Bf1 Bd7 28. Nc5 Bc6 29. g3 g6 30. Kg2 Kg8 31. f3 f5 32. fxe4 Nxe4 33. Bb2 Nd2 34. Be2 Nc4 35. Bc1 Kf7 36. Bf3 a5 37. Kf2 axb4 38. axb4 Be7 39. h4 h6 40. Ke2 Nd6 41. Bb2 Ne4 42. Bxe4 fxe4 43. Bc3 Kf6 44. Kf2 Kf5 45. Kg2 g5 46. hxg5 Bxg5 47. Bd2 Kf6 48. Kh3 h5 49. Kg2 Ke7 50. Kf2 Kd6 51. Kg2 Be8 52. Kf2 Bg6 53. Kg2 Bf5 54. Bc1 Bg4 55. Bd2 Be2 56. Nb7+ Ke6 57. Nc5+ Kf5 58. Kf2 Bc4 59. Nd7 Be7 60. Nc5 Bd6 61. Kg2 Be2 62. Nb7 Bc7 63. Nc5 Kg4 64. Be1 Bf3+ 65. Kh2 h4 66. Ne6 hxg3+ 67. Kg1 Bd6 68. Bd2 Be2 69. Kg2 Bf3+ 70. Kg1 Kf5 71. Ng7+ Kg4 72. Ne6 Kh3 73. Ng5+ Kh4 74. Ne6 Bg4 75. Nc5 Bh3 76. Nb7 Bb8 77. Nd8 Kg4 78. Nc6 Bd6 79. Na7 Kf3 80. Nxb5 Bb8 81. Nc3 g2 0-1

[Event "Caioba Telecom op"]
[Site "Caioba"]
[Date "2017.09.29"]
[Round "4"]
[White "Brusamolin, Valerio"]
[Black "Zampier, Alexandre"]
[Result "1-0"]
[WhiteElo "2071"]
[BlackElo "1628"]
[PlyCount "53"]
[EventDate "2017.09.28"]
[EventType "swiss"]
[EventRounds "8"]
[EventCountry "BRA"]
[SourceTitle "EXT 2018"]
[Source "ChessBase"]
[SourceDate "2017.10.13"]
[SourceVersion "1"]
[SourceVersionDate "2017.10.13"]
[SourceQuality "1"]

1. d4 a6 2. e4 b5 3. f4 Bb7 4. Bd3 e6 5. Nf3 Nc6 6. c3 Nf6 7. 0-0 Be7 8. Nbd2 0-0 9. Qe1 d6 10. e5 dxe5 11. fxe5 Nd5 12. Qg3 Ne3 13. Qh3 h6 14. Re1 Nd5 15. Ne4 f5 16. exf6 Nxf6 17. Qxe6+ Kh8 18. Nh4 Qe8 19. Nxf6 Rxf6 20. Ng6+ Rxg6 21. Bxg6 Qf8 22. Rf1 Bf6 23. Bd2 Rd8 24. Rae1 Ne7 25. Rxf6 gxf6 26. Qxe7 Qg8 27. Qxd8 1-0

[Event "Sao Bento do Sul op 08"]
[Site "Sao Bento do Sul"]
[Date "2017.08.19"]
[Round "2"]
[White "Zampier, Alexandre"]
[Black "Cordioli, Jairo Ribeiro"]
[Result "1-0"]
[WhiteElo "1602"]
[BlackElo "1851"]
[PlyCount "129"]
[EventDate "2017.08.18"]
[EventType "swiss"]
[EventRounds "6"]
[EventCountry "BRA"]
[SourceTitle "EXT 2019"]
[Source "ChessBase"]
[SourceDate "2018.10.10"]
[SourceVersion "1"]
[SourceVersionDate "2018.10.10"]
[SourceQuality "1"]

1. b4 Nf6 2. c4 g6 3. Bb2 Bg7 4. Nf3 0-0 5. Nc3 d5 6. e3 Bg4 7. h3 Be6 8. Qb3 c6 9. Be2 Nbd7 10. d3 dxc4 11. dxc4 b5 12. Nd4 bxc4 13. Bxc4 Bxc4 14. Qxc4 Ne5 15. Qe2 Qb6 16. a3 a5 17. Na4 Qc7 18. 0-0 axb4 19. axb4 Nd5 20. b5 c5 21. Rfc1 c4 22. f4 Nd3 23. Rxc4 Qxc4 24. Rc1 Qxc1+ 25. Bxc1 Nxc1 26. Qc4 Bxd4 27. exd4 Nxf4 28. Nc5 Ra2 29. b6 Rb2 30. Nd7 Ra8 31. Qc6 Nce2+ 32. Kh2 Rd8 33. b7 Nxd4 34. Qc7 Nde6 35. Qc8 Rxg2+ 36. Kh1 Rb2 37. Nc5 Kg7 38. Nxe6+ Nxe6 39. Qc3+ f6 40. Qxb2 Rb8 41. Qb4 Kf7 42. Qb3 f5 43. Qd5 Kf6 44. Qc6 Rd8 45. Qc8 Rxc8 46. bxc8Q h5 47. Qh8+ Kf7 48. Qe5 Ng5 49. h4 Ne4 50. Kg2 Nf6 51. Kf3 Ng4 52. Qd5+ Kf6 53. Kf4 e5+ 54. Kf3 Ke7 55. Qg8 Nf6 56. Qg7+ Ke6 57. Qxg6 f4 58. Qc2 Ne8 59. Qc6+ Nd6 60. Qa6 Ke7 61. Qe2 Kf6 62. Kf2 Nf7 63. Qxh5 Ke6 64. Qg6+ Ke7 65. h5 1-0

[Event "Florianopolis op 3rd"]
[Site "Florianopolis"]
[Date "2017.01.23"]
[Round "5"]
[White "Franceschina, Dalvan Jose"]
[Black "Zampier, Alexandre"]
[Result "1-0"]
[WhiteElo "1978"]
[BlackElo "1611"]
[PlyCount "105"]
[EventDate "2017.01.20"]
[EventType "swiss"]
[EventRounds "10"]
[EventCountry "BRA"]
[SourceTitle "CBM 176 Extra"]
[Source "ChessBase"]
[SourceDate "2017.03.02"]
[SourceVersion "1"]
[SourceVersionDate "2017.03.02"]
[SourceQuality "1"]

1. e4 d5 2. exd5 Qxd5 3. c4 Qa5 4. Nc3 c6 5. d4 Nf6 6. Bd3 Bg4 7. Nge2 e6 8. 0-0 Nbd7 9. a3 Be7 10. Be3 0-0 11. Qc2 Qc7 12. b4 b6 13. h3 Bh5 14. Rfc1 Rac8 15. Qd2 Bg6 16. Nf4 Bxd3 17. Qxd3 e5 18. Nfe2 exd4 19. Nxd4 Ne5 20. Qe2 Ng6 21. Nf5 Rfe8 22. Qc2 Rcd8 23. c5 b5 24. Rd1 Nd5 25. Nxd5 cxd5 26. Bd4 Ne5 27. Qe2 Bf6 28. Nd6 Re6 29. Qxb5 Rb8 30. Qa4 Nc4 31. Nxc4 dxc4 32. Qc2 Qf4 33. Bxf6 Rxf6 34. Qd2 Kf8 35. Qxf4 Rxf4 36. c6 Rc8 37. b5 c3 38. Rdc1 Rc4 39. Rc2 a6 40. a4 axb5 41. axb5 Rb4 42. Ra5 Rb3 43. Kf1 Ke7 44. Ke2 Kd6 45. Kd3 Rc7 46. Kc4 Rb2 47. Rxc3 Rxf2 48. Rd3+ Ke6 49. Kc5 Rc2+ 50. Kb6 Rc8 51. Kb7 Rf8 52. b6 f6 53. Rad5 1-0

[Event "Sao Paulo-C U1700 op 5th"]
[Site "Sao Paulo"]
[Date "2016.10.16"]
[Round "5.15"]
[White "Shimamura Silva, Felipe Makoto"]
[Black "Zampier, Alexandre"]
[Result "0-1"]
[WhiteElo "1291"]
[BlackElo "1597"]
[PlyCount "118"]
[EventDate "2016.10.13"]
[EventType "swiss"]
[EventRounds "6"]
[EventCountry "BRA"]
[SourceTitle "EXT 2022"]
[Source "ChessBase"]
[SourceDate "2021.10.06"]
[SourceVersion "1"]
[SourceVersionDate "2021.10.06"]
[SourceQuality "1"]

1. e4 a6 2. d4 b5 3. Nf3 Bb7 4. Bd3 e6 5. a3 c5 6. dxc5 Bxc5 7. 0-0 d6 8. Nc3 Nf6 9. Bg5 0-0 10. e5 dxe5 11. Nxe5 Be7 12. Qe2 Qc7 13. Rad1 Nc6 14. Nxc6 Bxc6 15. Bxf6 Bxf6 16. Rb1 g6 17. Be4 Bxe4 18. Nxe4 Bg7 19. c3 Rfd8 20. Rbd1 Qe5 21. Qf3 Rac8 22. Rfe1 Rxd1 23. Rxd1 h6 24. g3 Qf5 25. Qg2 Qh5 26. Qf1 Qf3 27. Qe1 Bf8 28. Nd2 Qf5 29. Ne4 Qf3 30. Nd2 Qc6 31. Ne4 Be7 32. Qe3 Kh7 33. Qf4 f5 34. Nd2 Rd8 35. Re1 Bg5 36. Rxe6 Qxe6 37. Qc7+ Qd7 38. Qxd7+ Rxd7 39. Nf3 Bc1 40. Ne5 Rd1+ 41. Kg2 Bxb2 42. Kf3 Bxc3 43. Nc6 Ra1 44. Ke2 Rxa3 45. h3 Ba1 46. Kf1 Ra2 47. Nb4 Ra4 48. Nc2 b4 49. Ke2 b3 50. Kd2 Ra2 51. Kc1 Rxc2+ 52. Kd1 a5 53. g4 a4 54. gxf5 a3 55. fxg6+ Kxg6 56. h4 a2 57. h5+ Kf5 58. f4 Be5 59. fxe5 a1Q# 0-1

[Event "Sao Paulo-C U1700 op 5th"]
[Site "Sao Paulo"]
[Date "2016.10.15"]
[Round "4.23"]
[White "Zampier, Alexandre"]
[Black "Da Costa, Jairo Alves"]
[Result "1-0"]
[WhiteElo "1597"]
[BlackElo "1339"]
[PlyCount "55"]
[EventDate "2016.10.13"]
[EventType "swiss"]
[EventRounds "6"]
[EventCountry "BRA"]
[SourceTitle "EXT 2022"]
[Source "ChessBase"]
[SourceDate "2021.10.06"]
[SourceVersion "1"]
[SourceVersionDate "2021.10.06"]
[SourceQuality "1"]

1. b4 e5 2. Bb2 d6 3. c4 Nf6 4. e3 c6 5. Nc3 g6 6. Be2 Bg7 7. Nf3 0-0 8. 0-0 Re8 9. d3 b6 10. Qb3 d5 11. Rfd1 d4 12. Ne4 Nxe4 13. dxe4 c5 14. a4 Nd7 15. exd4 exd4 16. Nd2 Qc7 17. a5 Rb8 18. axb6 axb6 19. Bd3 Ne5 20. b5 Bh6 21. f3 Qe7 22. Nf1 Qh4 23. Qc2 f5 24. exf5 Bb7 25. Be4 gxf5 26. Bxb7 Rxb7 27. Qxf5 Rf7 28. Qc2 1-0

[Event "Matinhos Caioba-ch"]
[Site "Matinhos"]
[Date "2015.08.28"]
[Round "1"]
[White "Zampier, Alexandre"]
[Black "Cardoso Pimenta, Ciro Jose"]
[Result "1/2-1/2"]
[WhiteElo "1524"]
[BlackElo "2054"]
[PlyCount "68"]
[EventDate "2015.08.28"]
[EventType "swiss"]
[EventRounds "6"]
[EventCountry "BRA"]
[SourceTitle "EXT 2016"]
[Source "ChessBase"]
[SourceDate "2015.10.08"]
[SourceVersion "1"]
[SourceVersionDate "2015.10.08"]
[SourceQuality "1"]

1. b4 d5 2. Bb2 Nf6 3. Nf3 Bf5 4. e3 Nbd7 5. c4 e5 6. cxd5 Nxd5 7. a3 Bd6 8. Bc4 N5b6 9. Bb3 0-0 10. 0-0 Bd3 11. Re1 Nc4 12. Bxc4 Bxc4 13. Qc2 Be6 14. d4 exd4 15. Bxd4 Qe7 16. Nbd2 c5 17. bxc5 Nxc5 18. Nc4 Bxc4 19. Qxc4 Ne6 20. Bb2 Rac8 21. Qb5 a6 22. Qf5 Rc5 23. Qd3 Rb5 24. Re2 Rd8 25. Qc3 Qc7 26. Qxc7 Bxc7 27. Rc2 h6 28. g3 Rd3 29. Bd4 Rdb3 30. Kf1 Bd6 31. a4 Rb1+ 32. Rxb1 Rxb1+ 33. Ke2 Nxd4+ 34. Nxd4 Ra1 1/2-1/2